"Оксфордская" модель развития учебно-научно-инновационного комплекса университета; Инженерное образование; № 2

Dades bibliogràfiques
Parent link:Инженерное образование: электронный научный журнал/ Ассоциация инженерного образования России (АИОР).— : [Б. и.], 2003-.— 1810-2883
№ 2.— 2004.— [С. 156-159]
Autor principal: Кобзев А. В. Анатолий Васильевич
Altres autors: Уваров А. Ф. Александр Фавстович
Sumari:Заглавие с титульного листа
The worldwide practice of economy transition into innovation way of development is entirely based on giving universities the central meaning and the leading role in these processes. TUSUR sets aims high in developing its own education-science-innovation complex (ESIC) based on the Oxford model for innovation structure. Basic principles, on which ISIC at TUSUR is based while working with small hi-tech enterprises, are as follows: partnership, "Double citizenship", decreased internal "taxation", additional guaranties. ISIC at TUSUR at the present time includes 15 private companies united by the mutual interests for all the participants. Among other benefits, spin-out companies may use all the services of the university innovation infrastructure including, but not limited to: School of Innovation Management, Agency for Intellectual Property, Technopark, Security foundation, Management Unit, Commercialization Office, Marketing Division. Practice of establishing ESIC at TUSUR shows that hi-tech business is open for cooperation with universities, private companies are rather flexible and active in the innovation process, with their participation it is possible to conduct some bigger projects, to achieve some higher scientific, technical and economical results.
Idioma:rus
Publicat: 2004
Col·lecció:Опыт инновационной деятельности российских университетов
Matèries:
Accés en línia:https://old.aeer.ru/files/io/m2/st23.pdf
Format: MixedMaterials Electrònic Capítol de llibre
KOHA link:https://koha.lib.tpu.ru/cgi-bin/koha/opac-detail.pl?biblionumber=506368

MARC

LEADER 00000naa2a2200000 4500
001 506368
005 20250520152630.0
035 |a (RuTPU)RU\TPU\prd\177277 
035 |a RU\TPU\prd\177276 
090 |a 506368 
100 |a 20130513d2004 k y0rusy50 ca 
101 0 |a rus 
102 |a RU 
135 |a drnn ---uucaa 
181 0 |a i  
182 0 |a b 
200 1 |a "Оксфордская" модель развития учебно-научно-инновационного комплекса университета  |b Электронный ресурс  |f А. В. Кобзев, А. Ф. Уваров 
203 |a Текст  |c электронный 
215 |a 1 файл (119 Кб) 
225 1 |a Опыт инновационной деятельности российских университетов 
230 |a Электронные текстовые данные (1 файл : 119 Кб) 
300 |a Заглавие с титульного листа 
330 |a The worldwide practice of economy transition into innovation way of development is entirely based on giving universities the central meaning and the leading role in these processes. TUSUR sets aims high in developing its own education-science-innovation complex (ESIC) based on the Oxford model for innovation structure. Basic principles, on which ISIC at TUSUR is based while working with small hi-tech enterprises, are as follows: partnership, "Double citizenship", decreased internal "taxation", additional guaranties. ISIC at TUSUR at the present time includes 15 private companies united by the mutual interests for all the participants. Among other benefits, spin-out companies may use all the services of the university innovation infrastructure including, but not limited to: School of Innovation Management, Agency for Intellectual Property, Technopark, Security foundation, Management Unit, Commercialization Office, Marketing Division. Practice of establishing ESIC at TUSUR shows that hi-tech business is open for cooperation with universities, private companies are rather flexible and active in the innovation process, with their participation it is possible to conduct some bigger projects, to achieve some higher scientific, technical and economical results. 
337 |a Adobe Reader 
461 1 |0 (RuTPU)RU\TPU\prd\176632  |x 1810-2883  |t Инженерное образование  |o электронный научный журнал  |f Ассоциация инженерного образования России (АИОР)  |n [Б. и.]  |d 2003- 
463 1 |0 (RuTPU)RU\TPU\prd\177140  |t № 2  |v [С. 156-159]  |d 2004 
601 0 2 |a Томский государственный университет систем управления и радиоэлектроники (ТУСУР)  |c (1997 - )  |2 stltpush  |3 (RuTPU)RU\TPU\col\422 
610 1 |a учебно-научно-инновационные комплексы 
610 1 |a технические университеты 
610 1 |a развитие 
610 1 |a инновационная деятельность 
610 1 |a модели развития 
610 1 |a Оксфорд 
610 1 |a электронный ресурс 
700 1 |a Кобзев  |b А. В.  |c российский ученый  |c электротехник  |c ректор Томского государственного университета систем управления и радиоэлектроники (ТУСУР)  |f 1944-  |g Анатолий Васильевич  |2 stltpush  |3 (RuTPU)RU\TPU\pers\11826 
701 1 |a Уваров  |b А. Ф.  |g Александр Фавстович 
801 1 |a RU  |b 63413507  |c 20090623  |g PSBO 
801 2 |a RU  |b 63413507  |c 20130513  |g PSBO 
856 4 |u https://old.aeer.ru/files/io/m2/st23.pdf 
942 |c BK